Historia del cine

Salvato in:
Dettagli Bibliografici
Autore principale: Cousins, Mark (Autore)
Natura: Libro
Lingua:spagnolo
Pubblicazione: Barcelona Blume 2015
Edizione:1a. ed
Soggetti:
Tags: Aggiungi Tag
Nessun Tag, puoi essere il primo ad aggiungerne!!

MARC

LEADER 00000cam a2200000 a 4500
001 UCC0198
003 CL-VaPUC
008 170721e20150000sp |||||||||||||||||spa|d
020 |a 9788416138432 
082 0 4 |a 791.43  |b COU  |2 21 
100 0 |a Cousins, Mark  |e author  |9 594116 
245 1 0 |a Historia del cine 
250 |a 1a. ed 
300 |a 512 p 
942 |c BK 
945 |d 20170721 23:47:00  |a arojas 
260 |a Barcelona  |b Blume  |c 2015 
650 0 |a Cinematografía  |9 265198 
650 0 |a Historia del cine  |9 265166 
583 |a last modification  |c 20170721 23:47:00  |k Rodrigo Vera 
999 |c 369102  |d 369100 
952 |0 0  |1 0  |3 erb  |4 0  |6 791_430000000000000_COU_2015  |7 0  |8 A  |9 484659  |a BIBHIS  |b BIBHIS  |i 5409608  |l 3  |m 2  |o 791.43 COU 2015  |p 5409608  |q 2025-07-11  |r 2025-04-21  |s 2025-04-21  |w 2019-11-24  |y BK  |z Catalogado en:20170721  |k HIS